[Event "It (open)"]
[Site "masterchessopen.com Bad Zwesten (Germany)"]
[Round "2"]
[White "Lingnau Carsten (GER)"]
[Black "Lingelmann Andreas (GER)"]
[Result "1-0"]
[WhiteElo "2430"]
[BlackElo "2097"]

1.d4 d5 2.c4 e6 3.Nf3 Nf6 4.g3 Be7 5.Bg2 dxc4 6.O-O Nbd7 7.Nbd2 O-O 8.Nxc4 c6
9.Qc2 Nb6 10.Nce5 Nfd5 11.a3 f5 12.Bd2 Nf6 13.Rfd1 Nbd5 14.Nd3 Ne4 15.Be1 Ndf6
16.Rac1 Bd7 17.Nfe5 Qb6 18.e3 Be8 19.Nf4 c5 20.f3 cxd4 21.fxe4 dxe3 22.Nc4 Qa6
23.Nxe3 Ba4 24.b3 Rac8 25.Qxc8 Rxc8 26.Rxc8+ Be8 27.e5 b6 28.Ra8 Bc5 29.exf6
Bxe3+ 30.Kh1 Qb5 31.a4 Qxb3 32.Rxe8+ Kf7 33.fxg7 Kxg7 34.Re7+ Kf6 35.Rxe6+
{#r} 1-0

[Event "Olympiad"]
[Site "masterchessopen.com Bled (Slovenia)"]
[Round "6"]
[White "Nilssen John Arni (FAI)"]
[Black "Arab Adlane (ALG)"]
[Result "1-0"]
[WhiteElo "2369"]
[BlackElo "2268"]

1.d4 Nf6 2.c4 e6 3.g3 d5 4.Bg2 Be7 5.Nf3 dxc4 6.Qc2 a6 7.Qxc4 b5 8.Qc2 Bb7
9.Bd2 O-O 10.O-O Be4 11.Qc1 Nc6 12.Be3 Rc8 13.Nbd2 Bd5 14.Nb3 Nb4 15.Qd1 Be4
16.Qd2 Nc2 17.Rac1 Bb4 18.Qxc2 Bxc2 19.Rxc2 Nd5 20.Bc1 Bd6 21.a3 c6 22.Bd2 Qd7
23.Rfc1 Nb6 24.Na5 Rfe8 25.Ne1 c5 26.dxc5 Bxc5 27.Nd3 Nc4 28.Nxc4 bxc4 29.Rxc4
Bd4 30.Bc6 Rxc6 31.Rxc6 e5 32.Rc7 Qg4 33.e3 Bb6 34.Nxe5 Qe4 35.R7c6 Bxe3
36.Bxe3 Qxe5 37.b4 h5 38.R6c5 Qb2 39.Rc8 Rxc8 40.Rxc8+ Kh7 41.Bc1 Qe2 42.h4 f6
43.Rc5 Qg4 44.Kh2 Qe2 45.Be3 Kg6 46.a4 f5 47.b5 axb5 48.axb5 f4 49.gxf4 Kf7
50.Rg5 Qf3 51.b6 g6 52.Rg3 Qe4 53.Rg1 Qe7 54.Rg5 Qd7 55.Kg3 Qd1 56.f3 Qb1
57.Rc5 Ke7 58.Rc7+ Kd8 59.Rc1 Qb2 60.Rc6 Qb1 61.Rc7 Qe1+ 62.Bf2 Qb1 63.Rg7 Kc8
64.b7+ Kb8 65.Re7 Qb4 66.Re6 Qb1 67.Rb6 Qa1 68.Rb4 Qa5 69.Rb2 Qc3 70.Ba7+ {#r}
1-0

[Event "Ch Hessen (b)"]
[Site "masterchessopen.com Bruchkoebel (Germany)"]
[Round "6"]
[White "Falk Thomas (GER)"]
[Black "Krause Michael (GER)"]
[Result "1-0"]
[WhiteElo "2170"]
[BlackElo "2111"]

1.d4 Nf6 2.Nf3 e6 3.g3 Be7 4.c4 d5 5.Bg2 dxc4 6.O-O O-O 7.Ne5 Nc6 8.Bxc6 bxc6
9.Nxc6 Qd7 10.Ne5 Qd8 11.Nd2 c3 12.bxc3 Bb7 13.Rb1 Rb8 14.Ndc4 Bd5 15.Rxb8
Qxb8 16.f3 Qb5 17.Qb3 Rb8 18.Qxb5 Rxb5 19.e4 Bxc4 20.Nxc4 c5 21.Be3 cxd4
22.cxd4 Rb4 23.Rc1 Ra4 24.Rc2 Nd7 25.Kf2 Nb6 26.Nxb6 axb6 27.Rc8+ {#r} 1-0

[Event "It (cat.2) (a)"]
[Site "masterchessopen.com Budapest (Hungary)"]
[Round "9"]
[White "Tanaka Yuuki (JPN)"]
[Black "Dudas Janos (HUN)"]
[Result "0-1"]
[WhiteElo "2198"]
[BlackElo "2345"]

1.d4 d5 2.c4 e6 3.Nf3 Nf6 4.g3 dxc4 5.Bg2 Be7 6.O-O O-O 7.Qc2 Nbd7 8.Qxc4 c5
9.Rd1 Qb6 10.Nc3 cxd4 11.Nxd4 a6 12.h3 Rd8 13.Be3 Qxb2 14.Qc7 Ne8 15.Qc4 Nb6
16.Qb3 Qxb3 17.axb3 Nd5 18.Nxd5 exd5 19.Ra5 Nf6 20.Nb5 Be6 21.Bb6 axb5 22.Bxd8
Rxd8 23.Rxb5 Rb8 24.Ra5 b5 25.Rda1 g6 26.Ra8 Rxa8 27.Rxa8+ Kg7 28.e3 b4 29.Kf1
Ne4 30.Ke2 Nc5 31.Ra7 Bf8 {#R} 0-1

[Event "It (open)"]
[Site "masterchessopen.com Dresden (Germany)"]
[Round "2"]
[White "Schulte Juergen (GER)"]
[Black "Ries Berthold (GER)"]
[Result "1-0"]
[WhiteElo "2128"]
[BlackElo "2087"]

1.d4 Nf6 2.g3 d5 3.Bg2 e6 4.Nf3 Be7 5.c4 dxc4 6.Qa4+ Bd7 7.Qxc4 Bc6 8.O-O O-O
9.Nc3 Nbd7 10.Qd3 b6 11.b3 Bb7 12.Bb2 c5 13.Rfd1 cxd4 14.Qxd4 Bc5 15.Qd2 Qe7
16.e3 Rfd8 17.Qe2 Rac8 18.a3 a5 19.Na4 Be4 20.Rd2 Nf8 21.Rxd8 Rxd8 22.Nxc5
Qxc5 23.Bd4 Qd6 24.Bf1 Nd5 25.Nd2 Bg6 26.Nc4 Qc6 27.Bg2 Nd7 28.h4 h6 29.Rd1
Qb5 30.Qb2 a4 31.e4 Ne7 32.Bxb6 Rb8 33.Bc7 Rb7 34.Bd6 Nc5 35.Bxe7 Rxe7 36.b4
Qxc4 37.bxc5 Qxc5 38.Qb8+ Kh7 39.Rd8 Bh5 40.e5 Qxe5 41.Qxe5 {#r} 1-0

[Event "Ch France (team) (2) 2001/02"]
[Site "masterchessopen.com France"]
[Round "6"]
[White "Fabius Raphael (FRA)"]
[Black "Peter Sebastien (FRA)"]
[Result "0-1"]
[WhiteElo "2074"]
[BlackElo "2238"]

1.d4 e6 2.g3 Nf6 3.Bg2 d5 4.Nf3 Be7 5.c4 dxc4 6.Qa4+ Bd7 7.Qxc4 Bc6 8.O-O O-O
9.Nc3 a6 10.Qd3 b5 11.a3 Qc8 12.Bg5 Qb7 13.e4 h6 14.d5 exd5 15.exd5 Bd7 16.d6
hxg5 17.dxe7 Re8 18.Ne5 c6 19.Qd6 Ra7 20.Rad1 Qc7 21.Nxd7 Qxd6 22.Rxd6 Rxd7
23.Rxd7 Nfxd7 24.Re1 f6 25.Ne4 Ne5 26.f4 gxf4 27.gxf4 Ng6 28.f5 Ne5 29.Rd1
Nbd7 30.Rd6 Rxe7 31.Ng3 a5 32.Bxc6 Nxc6 33.Rxc6 Re1+ 34.Kf2 Rb1 35.Rc2 Ne5
36.Ke2 Nc4 37.Ne4 Rxb2 38.Rxb2 Nxb2 39.Nd6 b4 40.axb4 axb4 41.Kd2 Na4 42.Nc4
Kh7 43.Nd6 g6 44.Ne8 gxf5 45.Nxf6+ Kg6 46.Nd5 b3 47.Nc3 Nxc3 48.Kxc3 f4 {#R}
0-1

[Event "Ch France (team) (2) 2002/03"]
[Site "masterchessopen.com France"]
[Round "3"]
[White "Clery Nicolas (FRA)"]
[Black "Larrat Philippe (FRA)"]
[Result "1-0"]
[WhiteElo "2344"]
[BlackElo "2169"]

1.d4 Nf6 2.Nf3 d5 3.c4 e6 4.g3 dxc4 5.Bg2 Be7 6.O-O O-O 7.Qc2 a6 8.a4 Nd5
9.Bd2 Nc6 10.Qxc4 Bf6 11.a5 Nde7 12.Bc3 Qd5 13.Qd3 Qh5 14.Nbd2 Rd8 15.Ne4 Bxd4
16.Nxd4 Nxd4 17.Bxd4 e5 18.Qa3 Nc6 19.Bc5 Qxe2 20.Bf3 Qc4 21.Rac1 Qe6 22.Rfe1
Qg6 23.Nc3 Bf5 24.Nd5 e4 25.Nf4 Qf6 26.Bxe4 Bxe4 27.Rxe4 Rd2 28.Qe3 Rdd8
29.Be7 Nxe7 30.Rxe7 {#r} 1-0

[Event "Ch Macedonia"]
[Site "masterchessopen.com Gevgelija (Macedonia)"]
[Round "8"]
[White "Bogdanovski Vlatko (MKD)"]
[Black "Mitkov Marjan (MKD)"]
[Result "1-0"]
[WhiteElo "2449"]
[BlackElo "2408"]

1.d4 Nf6 2.Nf3 e6 3.g3 d5 4.Bg2 Be7 5.c4 dxc4 6.Qa4+ Nbd7 7.Qxc4 c5 8.O-O a6
9.Qc2 Qb6 10.dxc5 Nxc5 11.Nc3 Bd7 12.Ne5 O-O 13.Nc4 Qa7 14.b4 Bb5 15.Na5 Rac8
16.Be3 Ng4 17.Bxc5 Bxc5 18.bxc5 Qxc5 19.Rac1 Rc7 20.Qa4 Nf6 21.Qf4 e5 22.Qe3
Qxe3 23.fxe3 Ng4 24.Nxb5 Rxc1 25.Rxc1 axb5 26.Bxb7 Nxe3 27.Nc6 f6 28.Rc5 Kf7
29.Rxb5 Ke6 30.a4 Nc4 31.Na5 Nd6 32.Rb6 Kd7 33.Bc6+ Kc7 34.Ra6 h5 35.Bd5 Rb8
36.Nc4 Rb1+ 37.Kg2 Ne8 38.a5 Rd1 39.e4 Rc1 40.Rc6+ {#r} 1-0

[Event "Tournament"]
[Site "masterchessopen.com Hilden (Germany)"]
[Round "1"]
[White "Lemanczyk Thomas (GER)"]
[Black "Kienitz Andre (GER)"]
[Result "1-0"]
[WhiteElo "2248"]
[BlackElo "2122"]

1.d4 Nf6 2.c4 e6 3.g3 d5 4.Bg2 dxc4 5.Nf3 Be7 6.O-O O-O 7.Na3 c5 8.Nxc4 Nc6
9.Nfe5 Nxd4 10.e3 Nf5 11.Qb3 Qc7 12.Bd2 Rb8 13.Qa3 a6 14.Rfd1 Nd6 15.Qb3 Nxc4
16.Nxc4 b5 17.Ba5 Qa7 18.Ne5 Bb7 19.e4 Ba8 20.Qe3 Bd8 21.Bc3 Bb6 22.Qg5 h6
23.Qf4 Qe7 24.g4 b4 25.Bd2 Bc7 26.Be3 Rbd8 27.Rac1 Nd7 28.Rxd7 Rxd7 29.Bxc5
Qd8 30.Bxf8 Bxe5 31.Qxe5 Kxf8 32.Bf3 a5 33.Rc5 Rd1+ 34.Kg2 Rd2 35.Rb5 Ke7
36.Rxa5 Bc6 37.Ra6 Bb7 38.Qc5+ Kf6 39.e5+ Kg6 40.Bxb7 Qh4 41.Be4+ {#r} 1-0

[Event "It (open) \"]
[Site "masterchessopen.com Izmir (Turkey)"]
[Round "6"]
[White "Sirin Atakan (TUR)"]
[Black "Demirel Tolga (TUR)"]
[Result "0-1"]
[WhiteElo "2255"]
[BlackElo "2202"]

1.d4 d5 2.Nf3 Nf6 3.g3 e6 4.Bg2 Be7 5.c4 dxc4 6.O-O c5 7.Qa4+ Bd7 8.Qxc4 Nc6
9.Bf4 b5 10.Qc1 Qb6 11.a4 b4 12.dxc5 Bxc5 13.Nbd2 O-O 14.Nc4 Qa6 15.Nce5 Nxe5
16.Qxc5 Ng6 17.Qxb4 Nd5 18.Qd6 Qb7 19.Ne5 Ngxf4 20.gxf4 Rad8 21.Qa3 Qb8
22.Rfd1 Be8 23.Bxd5 exd5 24.Rd4 f6 25.Nf3 Bh5 26.Rad1 Rfe8 27.R1d2 Qc8 28.b4
Qg4+ 29.Kh1 Rxe2 30.Ng1 Re1 31.Qg3 Qf3+ 32.Qg2 Rde8 33.h3 Qb3 34.Kh2 Qxa4
35.Qxd5+ Bf7 36.b5 Qa1 37.Qg2 Qb1 38.Rd7 Qxb5 39.Rxa7 Qb4 40.Rdd7 Qxf4+ 41.Qg3
Qxg3+ 42.fxg3 Rf8 43.g4 g5 44.Nf3 Re3 45.Kg3 Bg6 46.Kf2 Rfe8 47.Ng1 Kf8 48.Nf3
Re2+ 49.Kf1 R2e7 50.Rxe7 Rxe7 51.Rxe7 Kxe7 52.Kf2 Be4 53.Nd2 Bd5 54.Nf1 Ke6
55.Ng3 Ke5 56.Nh5 Bf7 57.Ng3 Bc4 58.Nh5 Bd3 59.Ng3 Bg6 60.Ne2 h5 61.Kf3 h4
62.Ke3 Be4 63.Ng1 Bh1 64.Ne2 Bg2 65.Ng1 Bb7 66.Ne2 Ba6 67.Ng1 Bf1 68.Kf2 Ba6
69.Ke3 Bf1 70.Kf2 Kf4 71.Kxf1 Kg3 72.Ne2+ Kxh3 73.Ng1+ Kxg4 74.Kg2 f5 75.Nh3
Kh5 76.Ng1 g4 77.Ne2 Kg5 78.Ng1 f4 79.Kh1 f3 {#R} 0-1

[Event "It (open) \"]
[Site "masterchessopen.com Jyvaskyla (Finland)"]
[Round "2"]
[White "Franssila Tommi (FIN)"]
[Black "Luodonpaa Martti (FIN)"]
[Result "1-0"]
[WhiteElo "2269"]
[BlackElo "2015"]

1.d4 d5 2.c4 dxc4 3.Nf3 e6 4.g3 Nf6 5.Bg2 Be7 6.O-O O-O 7.Qc2 a6 8.a4 Nc6
9.Qxc4 Bd7 10.Nc3 Nb4 11.Ne5 c6 12.e4 Be8 13.Bf4 Nh5 14.Ne2 Nxf4 15.Nxf4 a5
16.Rfd1 Kh8 17.Rac1 Bg5 18.Qc5 Be7 19.Qc4 Bg5 20.Qb3 Bxf4 21.gxf4 Qf6 22.Qg3
Rd8 23.Qg5 Qxg5 24.fxg5 f6 25.gxf6 gxf6 26.Nc4 Rg8 27.Kf1 Bh5 28.Rd2 Rg7 29.f3
Rdg8 30.Rc3 Ra8 31.Rb3 h6 32.Nxa5 Rxa5 33.Rxb4 Ra7 34.d5 exd5 35.exd5 cxd5
36.Rxd5 Bg6 37.Rd6 Rf7 38.f4 Bf5 39.Rd8+ Kg7 40.Rb8 Bd3+ 41.Kf2 b5 42.axb5
Rfe7 43.Bf3 Rac7 44.b6 Rc2+ 45.Kg3 Re1 46.f5 Bxf5 47.b7 {#r} 1-0

[Event "It (cat.4)"]
[Site "masterchessopen.com Klaksvik (Faroe Islands)"]
[Round "9"]
[White "Olsen Heini (FAI)"]
[Black "Nolsoe Eydun (FAI)"]
[Result "1-0"]
[WhiteElo "2241"]
[BlackElo "2236"]

1.d4 Nf6 2.c4 e6 3.g3 d5 4.Bg2 Be7 5.Nf3 dxc4 6.O-O Nbd7 7.Nbd2 c5 8.Nxc4 O-O
9.dxc5 Bxc5 10.Qc2 Qe7 11.Bf4 Nd5 12.Bd2 f6 13.a3 N7b6 14.Na5 e5 15.Rac1 Bd6
16.Nc4 Nxc4 17.Qxc4 Be6 18.Ng5 Rac8 19.Qd3 fxg5 20.Bxd5 Rxc1 21.Rxc1 g4 22.Be3
a6 23.Rd1 Rd8 24.Bc5 Bxc5 25.Bxe6+ Qxe6 26.Qxd8+ Kf7 27.Qc7+ Be7 28.Qxb7 Kf6
29.Qe4 g6 30.b4 Qb3 31.Rd3 Qb1+ 32.Kg2 Qe1 33.Qxg4 a5 34.Rf3+ {#r} 1-0

[Event "Ch Russia (1/2 final)"]
[Site "masterchessopen.com Krasnodar (Russia)"]
[Round "0"]
[White "Korniushin Nikolay (RUS)"]
[Black "Ivanov Sergey B (RUS)"]
[Result "1-0"]
[WhiteElo "2433"]
[BlackElo "2311"]

1.d4 d5 2.Nf3 Nf6 3.c4 e6 4.g3 Be7 5.Bg2 dxc4 6.O-O O-O 7.Qc2 a6 8.a4 Nc6
9.Qxc4 Rb8 10.Rd1 Nb4 11.Nc3 Nbd5 12.Ne5 Nxc3 13.bxc3 b5 14.Qb3 Bb7 15.Ba3
Bxa3 16.Qxa3 {#r} 1-0

[Event "It (open)"]
[Site "masterchessopen.com Recklinghausen (Germany)"]
[Round "6"]
[White "Hausrath Daniel (GER)"]
[Black "Halasz Tamas (HUN)"]
[Result "1-0"]
[WhiteElo "2454"]
[BlackElo "2399"]

1.Nf3 Nf6 2.g3 d5 3.Bg2 e6 4.d4 Be7 5.c4 dxc4 6.Qc2 a6 7.Qxc4 b5 8.Qc2 Bb7
9.O-O O-O 10.Bd2 Be4 11.Qc1 Qc8 12.Bg5 Nbd7 13.Nbd2 Bb7 14.Nb3 c5 15.Bxf6 gxf6
16.Na5 Bd5 17.Qf4 f5 18.dxc5 Qxc5 19.Nb3 Qb6 20.Rfd1 Rad8 21.Nbd4 Bxf3 22.Nxf3
Bf6 23.Rd6 Qa7 24.Qh6 Be7 25.Rd4 f6 26.Rad1 Ne5 27.Qe3 Bc5 28.Qxe5 fxe5
29.Rxd8 Bxf2+ 30.Kf1 Bd4 31.Rd6 Rc8 32.Nxd4 exd4 33.R6xd4 Rc1 34.Rd8+ Kf7
35.Rxc1 Qe3 36.Rcd1 Qe5 37.R1d2 Qc5 38.Bf3 e5 39.R2d7+ Ke6 40.Bd5+ Kf6 41.Rf7+
Kg6 42.Rg8+ Kh6 43.Rf6+ {#r} 1-0

[Event "Memorial M.Chigorin (open) ( b)"]
[Site "masterchessopen.com St. Petersburg (Russia)"]
[Round "1"]
[White "Nikolaev Nikita (RUS)"]
[Black "Ivanov Alexey Jr (RUS)"]
[Result "0-1"]
[WhiteElo "2354"]
[BlackElo "2256"]

1.d4 d5 2.Nf3 Nf6 3.c4 e6 4.g3 dxc4 5.Bg2 Be7 6.O-O O-O 7.Qc2 a6 8.a4 c5
9.dxc5 Bxc5 10.Nbd2 Nc6 11.Nxc4 Qe7 12.Rd1 e5 13.Be3 Bxe3 14.Nxe3 Be6 15.Nf5
Qb4 16.N3h4 Bb3 17.Qd2 Bxd1 18.Qg5 Qe1+ 19.Bf1 Qxf2+ 20.Kxf2 Ne4+ 21.Ke3 Nxg5
22.Rxd1 Rfd8 23.Rc1 g6 24.Nh6+ Kg7 25.Ng4 f5 26.Nf2 Rd4 27.Nd3 Rad8 28.Bg2 e4
29.Nc5 Ne5 30.h3 Nc4+ 31.Kf2 e3+ {#R} 0-1

[Event "Cup Russia (open)"]
[Site "masterchessopen.com Tomsk (Russia)"]
[Round "5"]
[White "Partys Tatiana (RUS)"]
[Black "Adarov Arzhan (RUS)"]
[Result "0-1"]
[WhiteElo "2042"]
[BlackElo "2205"]

1.d4 d5 2.Nf3 Nf6 3.c4 e6 4.g3 dxc4 5.Bg2 Be7 6.O-O O-O 7.Qc2 Nc6 8.Qxc4 Qd5
9.Qxd5 exd5 10.Bf4 Bg4 11.Nbd2 Bd8 12.Rac1 Re8 13.Rfe1 Ne4 14.Ne5 Nxe5 15.Nxe4
Nc6 16.Nc3 Nxd4 17.Bxd5 c6 18.Bg2 Ba5 19.f3 Bxc3 20.bxc3 Nxe2+ 21.Rxe2 Rxe2
22.fxg4 Rxa2 23.Rb1 Re8 24.Bf3 h6 25.Kf1 g5 26.Bd6 Re3 27.Bd1 Rxc3 28.Be5 Re3
29.Bd4 Rd3 30.Bg1 b6 31.Rc1 c5 32.Be2 Rd6 33.Bc4 Rf6+ 34.Ke1 Rg2 35.Be3 Rf3
36.Rc3 Rxh2 37.Bd2 Rxc3 {#R} 0-1

[Event "It (open)"]
[Site "masterchessopen.com Travemunde (Germany)"]
[Round "3"]
[White "Kopylov Mihail (UKR)"]
[Black "Wiertzema Michael (GER)"]
[Result "1-0"]
[WhiteElo "2436"]
[BlackElo "2149"]

1.d4 Nf6 2.c4 e6 3.g3 d5 4.Bg2 dxc4 5.Nf3 Be7 6.Qa4+ Nbd7 7.Qxc4 a6 8.Qc2 c5
9.O-O O-O 10.Rd1 Qa5 11.Nbd2 cxd4 12.Nc4 Qc5 13.Nxd4 Nd5 14.Qb3 Bf6 15.Nf5
N7b6 16.Nce3 Rd8 17.Ng4 Bd7 18.Nxf6+ gxf6 19.Nh6+ Kg7 20.Qf3 Qc2 21.e4 Ne7
22.Ng4 f5 23.Bh6+ Kg6 24.Qf4 f6 25.Ne5+ {#r} 1-0

[Event "Bundesliga (2nd) South 2002/03"]
[Site "masterchessopen.com Germany"]
[Date "2002.12.15"]
[Round "3"]
[White "Porth Dietmar (GER)"]
[Black "Boguslavsky Oleg (GER)"]
[Result "1-0"]
[WhiteElo "2274"]
[BlackElo "2299"]

1.d4 Nf6 2.c4 e6 3.g3 d5 4.Bg2 Be7 5.Nf3 dxc4 6.Ne5 O-O 7.O-O c5 8.dxc5 Qc7
9.Nxc4 Rd8 10.Qc2 Qxc5 11.Nbd2 Nc6 12.Nb3 Nb4 13.Qc3 Qb5 14.Nba5 Nfd5 15.Qb3
b6 16.a3 bxa5 17.axb4 axb4 18.Ra5 Qe8 19.e4 Nc7 20.Be3 Bb7 21.Rxa7 Rxa7
22.Bxa7 Qb5 23.Rc1 Na6 24.Ne3 Rd2 25.Bf1 Qh5 26.Nc4 Rd8 27.Qe3 Ba8 28.Ra1 Bb7
29.Be2 Qg6 30.Ne5 Qf6 31.Ra5 g6 32.Bd4 Bc5 33.Bxc5 Qxe5 34.Bb6 Qxb2 35.Bxd8
Qb1+ 36.Kg2 Bxe4+ 37.f3 Bd5 38.Rxa6 b3 39.Bf6 b2 40.Qh6 Bxf3+ 41.Kf2 {#r} 1-0

[Event "It (open)"]
[Site "masterchessopen.com Bad Zwesten (Germany)"]
[Round "7"]
[White "Sprenger Jan Michael (GER)"]
[Black "Kipper Jens (GER)"]
[Result "0-1"]
[WhiteElo "2477"]
[BlackElo "2359"]

{ Sprenger Jan Michael (GER) +0 =0 -1 Kipper Jens (GER) +0 =1 -0 } 1.d4 e6
2.c4 Nf6 3.Nf3 d5 4.g3 dxc4 5.Bg2 Be7 6.O-O O-O 7.Qc2 a6 ( 7...c6 8.Qxc4 b5
9.Qc2 Bb7 10.Rd1 Nbd7 11.Nc3 Rc8 12.Bg5 h6 13.Bxf6 Nxf6 14.Ne5 Qb6 15.Ne4 Nxe4
16.Bxe4 Rfd8 17.e3 { ...1/2-1/2, Dyballa Markus(2305) - Kipper Jens(2200),
Berlin 1993 It (open) "Berlin Summer" } ) 8.Qxc4 b5 9.Qc2 Bb7 10.Bd2 ( 10.Bf4
Nc6 11.Rd1 Nb4 12.Qc1 Nbd5 13.Nbd2 Nxf4 14.gxf4 c5 15.dxc5 Qc7 16.Nb3 Rac8
17.Ne5 Bxg2 18.Kxg2 Nd5 19.e4 Nf6 { ...0-1, Sprenger Jan Michael(2426) -
Zelcic Robert(2565), Metz 2002 It (open) } ) 10...Be4 11.Qc1 Nbd7 12.Ba5 { = }
12...Ra7 ( 12...Rc8 13.Nbd2 Ba8 14.Re1 Qe8 15.b4 Ne4 16.a4 f5 17.axb5 axb5
18.e3 Bd6 19.Ra2 Bd5 20.Rc2 c6 21.Nxe4 Bxe4 22.Rb2 { ...1/2-1/2, Kasimdzhanov
Rustam(2674) - Lutz Christopher(2655), Essen 2002 It (cat.16) } ) 13.Nbd2 (
13.Nc3 Bc6 14.a3 Bd6 15.Re1 Qa8 16.e4 e5 17.Qe3 Bb7 18.Bb4 Re8 19.dxe5 Ng4
20.Qd4 Ndxe5 21.Bxd6 cxd6 22.Rad1 Bc6 { ...1/2-1/2, Fridman Daniel(2571) -
Rizouk Aimen(2499), Cappelle la Grande 2002 It (open) } ) 13...Bd5 14.Re1 (
14.Qc2 Qa8 15.Nb3 Be4 16.Qc1 Rc8 17.Nc5 Nxc5 18.dxc5 Qd5 19.b4 c6 20.Rd1 Qh5
21.Qf4 Bc2 22.Rd2 Nd5 23.Qe5 Bf5 { ...0-1, Cuevas-Rodriguez Ma Luisa(2185) -
Korneev Oleg(2505), Linares 1994 It (open) } ) ( 14.b4 Qa8 15.Rd1 Nb8 16.Nb3
Nc6 17.Nc5 h6 18.Qa3 Bxc5 19.dxc5 Qb7 20.Ne1 Bxg2 21.Nxg2 Raa8 22.Rd2 Rad8
23.Rad1 Rxd2 { ...0-1, Karkanaque Ilir(2382) - Dervishi Erald(2501), Durres
2001 It (cat.8) } ) ( 14.Ne1 Nb8 15.Ndf3 b4 16.a3 bxa3 17.bxa3 Nc6 18.Bc3 Ne4
19.Bd2 Bf6 20.e3 Qa8 21.Rb1 Rd8 22.Bb4 h6 23.Bc5 Rb7 { ...1/2-1/2, Tratar
Marko(2340) - Gorelov Sergey G(2435), Werfen 1992 It (open) } ) 14...Ne4 { N }
( 14...Qa8 15.e4 Bb7 16.b4 e5 17.Nxe5 Nxe5 18.dxe5 Nd7 19.Qb2 c5 20.Bh3 Bc6
21.bxc5 Nxc5 22.Qc2 Ne6 23.Nb3 Rd7 24.Bg2 { ...1-0, Fauland Alexander(2450) -
Vancsura Zoltan(2295), Balatonbereny 1988 It (open) } ) 15.Nxe4 Bxe4 16.Qe3
Qa8 17.Rac1 Rc8 18.Ne5 Bxg2 19.Nxd7 Bd5 20.Nc5 Rd8 21.b3 Bf6 22.Red1 Qc8 { ?!
} 23.f3 Ba8 24.d5 exd5 25.Nd7 Bb2 { ? } ( 25...Rxd7 { !? } 26.Qxa7 c6 27.Qe3
Qb8 { } ) 26.Qxa7 Bxc1 27.Nf6+ gxf6 28.Rxc1 Qe6 29.Bxc7 Re8 30.Rc2 Rc8 31.Qd4
Qd7 32.Qf4 d4 { ? } ( 32...Kg7 { ! } 33.Rc5 Re8 34.Qd2 Qe6 { } ) 33.Rc5 Qe6
34.Qxd4 Qxe2 { } ( 34...Bb7 { !? } 35.e4 Qe7 36.Bb6 Rxc5 { } ) 35.Qf4 { ?? } (
35.Qg4+ Kh8 36.Qxc8+ Kg7 37.Qg4+ { } ) {#R} 0-1

[Event "It (open)"]
[Site "masterchessopen.com Batumi (Georgia)"]
[Round "2"]
[White "Gogochuri Levan (GEO)"]
[Black "Danelia Mariam (GEO)"]
[Result "1-0"]
[WhiteElo "2210"]
[BlackElo "2259"]

1.d4 d5 2.Nf3 Nf6 3.c4 e6 4.g3 Be7 5.Bg2 dxc4 6.O-O O-O 7.Qa4 a6 8.Qxc4 Nbd7
9.Nc3 Rb8 10.Bf4 Bd6 11.Rfd1 b5 12.Qb3 Bb7 13.Ne5 Bxg2 14.Kxg2 Rb6 15.Rac1
Qa8+ 16.f3 Bxe5 17.dxe5 Nc5 18.Qc2 Ne8 19.b4 Nb7 20.Ne4 a5 21.Ng5 g6 22.Ne4
Kh8 23.Bh6 Rg8 24.Ng5 Rg7 25.Bxg7+ Kxg7 26.Rd7 Nd8 27.Qd2 Rb8 28.Rd1 h6
29.Nxf7 Nxf7 30.Qf4 Nd6 31.Qf6+ Kg8 32.exd6 cxd6 {#r} 1-0

[Event "It (open)"]
[Site "masterchessopen.com Batumi (Georgia)"]
[Round "8"]
[White "Gogochuri Levan (GEO)"]
[Black "Paresishvili Giorgi (GEO)"]
[Result "1-0"]
[WhiteElo "2210"]
[BlackElo "2252"]

1.d4 d5 2.c4 e6 3.Nf3 Nf6 4.g3 Be7 5.Bg2 dxc4 6.Qa4+ Bd7 7.Qxc4 Bc6 8.Nc3 a6
9.a4 b5 10.Qd3 b4 11.Nb1 Be4 12.Qd1 c5 13.Nbd2 Bd5 14.dxc5 Nbd7 15.c6 Bxc6
16.O-O Nc5 17.Ne5 Bxg2 18.Kxg2 Qd5+ 19.Ndf3 Nb3 20.Rb1 Rc8 21.Bg5 Qxd1
22.Rfxd1 Rc2 23.Nd4 Nxd4 24.Rxd4 O-O 25.Rc1 Rfc8 26.Rxc2 Rxc2 27.b3 h6 28.Bd2
Nd5 29.e4 Bc5 30.Rd3 Nc3 31.Kf3 Nd1 32.Rd8+ Kh7 33.Nxf7 Nxf2 34.Rh8+ Kg6
35.Ne5+ Kh5 36.Rc8 Rxd2 37.Rxc5 g5 38.Rc6 Nd1 39.g4+ Kh4 40.Ng6+ Kh3 41.e5
Rf2+ 42.Ke4 Kxg4 43.Rxe6 Nc3+ 44.Kd3 a5 45.Rf6 Rxh2 46.e6 Rd2+ 47.Kc4 Ne4
48.Ne5+ Kg3 49.Rxh6 Rd6 50.Nf7 Nd2+ 51.Kb5 Rd3 52.Kxa5 Nxb3+ 53.Kxb4 Re3
54.Nxg5 Kg4 55.Rh3 Rxh3 56.Nxh3 Nd4 57.a5 Nxe6 58.a6 Nc7 59.a7 Kf5 60.Kc5 Ne6+
61.Kb6 {#r} 1-0

[Event "Ch India"]
[Site "masterchessopen.com Calicut (India)"]
[Round "10"]
[White "Roktim Bandyopadhyay (IND)"]
[Black "Ravi Thandalam Shanmugam (IND)"]
[Result "1-0"]
[WhiteElo "2345"]
[BlackElo "2381"]

1.d4 Nf6 2.c4 e6 3.g3 d5 4.Bg2 dxc4 5.Nf3 Be7 6.Na3 a6 7.Nxc4 c5 8.Bd2 Nc6
9.Nfe5 Bd7 10.Nxd7 Nxd7 11.Bxc6 bxc6 12.Ba5 Qb8 13.dxc5 Qb5 14.Rc1 Nxc5 15.O-O
O-O 16.b4 Ne4 17.Qc2 Nf6 18.a4 Qh5 19.Kg2 Nd5 20.e4 Bxb4 21.Qd1 Qxd1 22.Rfxd1
Bxa5 23.exd5 Bc7 24.d6 Bd8 25.Ne5 f6 26.Nxc6 e5 27.f4 exf4 28.gxf4 Kf7 29.f5
Re8 30.Kf3 Bb6 31.a5 Re3+ 32.Kf2 Re5+ 33.axb6 Rxf5+ 34.Kg2 Re8 35.Rd2 Rg5+
36.Kh1 {#r} 1-0

[Event "It (open) (juniors)"]
[Site "masterchessopen.com Hallsberg (Sweden)"]
[Round "2"]
[White "Olsson Linus (SWE)"]
[Black "Vovk Oksana (DEN)"]
[Result "1-0"]
[WhiteElo "2289"]
[BlackElo "2153"]

1.d4 e6 2.c4 Nf6 3.g3 d5 4.Bg2 dxc4 5.Nf3 Be7 6.O-O O-O 7.Qc2 a6 8.a4 Nc6
9.Qxc4 Qd5 10.Qd3 Rd8 11.Nc3 Qh5 12.Qc4 Nd5 13.a5 Bb4 14.e4 Nxc3 15.bxc3 Bxa5
16.Bg5 f6 17.Bf4 Qf7 18.e5 Bb6 19.exf6 gxf6 20.Rfe1 Bd7 21.Nd2 Re8 22.Ne4 Nd8
23.Qe2 e5 24.dxe5 fxe5 25.Bg5 Qg6 26.Nf6+ Kf7 27.Bh4 Re7 28.Nxd7 Rxd7 29.Qxe5
Ne6 30.Bxb7 Rad8 31.Bxd8 Rxd8 32.Bd5 Rd6 33.Bxe6+ Rxe6 34.Qxe6+ {#r} 1-0

[Event "It (open)"]
[Site "masterchessopen.com Helsinki (Finland)"]
[Round "2"]
[White "Veingold Aleksandr (EST)"]
[Black "Kiviaho Allan (FIN)"]
[Result "1-0"]
[WhiteElo "2473"]
[BlackElo "2211"]

1.d4 Nf6 2.Nf3 e6 3.g3 d5 4.Bg2 Be7 5.c4 dxc4 6.Qa4+ Bd7 7.Qxc4 Bc6 8.Nc3 O-O
9.O-O Ne4 10.Qd3 Nxc3 11.bxc3 Nd7 12.Re1 f5 13.Qe3 Bd5 14.Nd2 Nb6 15.Qd3 Bxg2
16.Kxg2 c5 17.e4 cxd4 18.cxd4 f4 19.Nf3 fxg3 20.hxg3 Rc8 21.Bf4 Rc4 22.Rac1
Rxc1 23.Rxc1 Bd6 24.Bd2 Qd7 25.Rh1 Be7 26.Ba5 Qc6 27.Bxb6 Qxb6 28.Rb1 Qc6
29.Ne5 Qc8 30.Qb3 b6 31.Rb2 Bf6 32.Rc2 Qe8 33.Rc6 Bxe5 34.Rxe6 Qf7 35.Rxe5 Rd8
36.d5 h6 37.Re6 Rf8 38.Qe3 Rd8 39.Rc6 Qe7 40.Qd4 Rd7 41.Rc8+ Kh7 42.e5 {#r}
1-0

[Event "Ch Ukraine (juniors) (under 20)"]
[Site "masterchessopen.com Lvov (Ukraine)"]
[Round "2"]
[White "Zubov Alexander (UKR)"]
[Black "Firman Nazar (UKR)"]
[Result "1-0"]
[WhiteElo "2487"]
[BlackElo "2473"]

1.d4 e6 2.g3 Nf6 3.c4 d5 4.Nf3 Be7 5.Bg2 dxc4 6.Qa4+ Bd7 7.Qxc4 Bc6 8.Nc3 O-O
9.O-O Nbd7 10.Bg5 h6 11.Bxf6 Nxf6 12.Rac1 a5 13.Rfd1 Ra6 14.a3 Rb6 15.Rd2 Bd6
16.Qd3 Rb3 17.Qc2 a4 18.Rdd1 b5 19.Nd2 Bxg2 20.Kxg2 Rxc3 21.Qxc3 Nd5 22.Qf3 f5
23.e3 f4 24.Qe4 Kh8 25.exf4 Nxf4+ 26.gxf4 Qh4 27.Nf1 Rxf4 28.Qe3 Qg5+ 29.Ng3
h5 30.Qxe6 h4 31.Qe8+ Rf8 32.Qh5+ Qxh5 33.Nxh5 g6 34.Ng3 hxg3 35.hxg3 Kg7
36.Rd3 Rb8 37.Re3 Kf7 38.Kf3 Kf6 39.Ke4 {#r} 1-0

[Event "Ch Iran"]
[Site "masterchessopen.com Mashad (Iran)"]
[Round "5"]
[White "Noroozi Omid (IRI)"]
[Black "Ghane Shojaat (IRI)"]
[Result "0-1"]
[WhiteElo "2172"]
[BlackElo "2376"]

1.c4 e6 2.Nf3 d5 3.g3 Nf6 4.d4 dxc4 5.Bg2 Be7 6.O-O O-O 7.Qc2 a6 8.a4 Bd7
9.Qxc4 Bc6 10.Qd3 a5 11.Nc3 Na6 12.Bg5 Nb4 13.Qd2 Ne4 14.Nxe4 Bxe4 15.Rac1 c6
16.Bxe7 Qxe7 17.Ne5 Bxg2 18.Kxg2 Rfd8 19.Rfd1 Rd5 20.e4 Rdd8 21.f4 f6 22.Nf3
Rd7 23.Qe3 Rad8 24.Qb3 Kh8 25.e5 f5 26.Ng5 Rxd4 27.Rxd4 Rxd4 28.Nxe6 Rd2+
29.Kh1 h6 30.Nc5 b6 31.Ne6 c5 32.g4 Qb7+ {#R} 0-1